| 000 | 00379 a2200157 4500 | ||
|---|---|---|---|
| 082 | _a001.61424/6 ICL | ||
| 090 |
_c23949 _d23949 |
||
| 100 | _aICL | ||
| 245 | _aEPC Fortran 77 manual | ||
| 260 |
_aCA _bIIIFEE _c1990 |
||
| 300 |
_a216 p. _bphotostate |
||
| 500 | _aBE textbook H & S dept | ||
| 650 | _aFortran 77 | ||
| 740 | _aFortran 77 | ||
| 942 |
_aNUST-CAE _k001.61424/6 ICL |
||
| 999 |
_c403868 _d403868 |
||